000 00288nam a22001337a 4500
008 170817b xxu||||| |||| 00| 0 eng d
020 _a0534943624
041 _aeng
080 _23 ED
_a51
100 _a36
101 _aMAT
245 _aPRECALCULUS
_cKAUFMAN.J.E
942 _2udc
_cBK
999 _c23906
_d23906